|
|
|
|
| LEADER |
00000naa2a2200000 4500 |
| 001 |
458473 |
| 005 |
20231101085011.0 |
| 035 |
|
|
|a (RuTPU)RU\TPU\prd\122160
|
| 035 |
|
|
|a RU\TPU\prd\40012
|
| 090 |
|
|
|a 458473
|
| 100 |
|
|
|a 20111012a2004 k y0rusy50 ca
|
| 101 |
0 |
|
|a rus
|
| 102 |
|
|
|a RU
|
| 200 |
1 |
|
|a Экологические особенности мелких млекопитающих коллективных садов
|f Д. В. Нуртдинова, О. А. Пястолова
|
| 320 |
|
|
|a Библиогр.: 13 назв.
|
| 461 |
|
0 |
|0 (RuTPU)RU\TPU\prd\469
|x 0367-0597
|t Экология
|f Российская академия наук (РАН), Уральское отделение (УрО)
|d 1996-
|
| 463 |
|
0 |
|0 (RuTPU)RU\TPU\prd\122151
|t № 5
|v С. 380-385
|d 2004
|
| 610 |
1 |
|
|a мелкие млекопитающие
|
| 610 |
1 |
|
|a видовой состав
|
| 610 |
1 |
|
|a видовое разнообразие
|
| 610 |
1 |
|
|a численность
|
| 610 |
1 |
|
|a садовые участки
|
| 675 |
|
|
|a 599.32/33:591.526:574.472:591.65
|v 3
|
| 700 |
|
1 |
|a Нуртдинова
|b Д. В.
|
| 701 |
|
1 |
|a Пястолова
|b О. А.
|
| 801 |
|
1 |
|a RU
|b 63413507
|c 20051130
|g PSBO
|
| 801 |
|
2 |
|a RU
|b 63413507
|c 20111012
|g RCR
|
| 942 |
|
|
|c BK
|